| 000 | 004250000a22001570004500 | ||
|---|---|---|---|
| 003 | LK-CoMWRAF | ||
| 008 | 230817t ||||| |||| 00| 0 eng d | ||
| 040 |
_aLK-CoMWRAF _dLK-CoMWRAF _eLK-CoMWRAF |
||
| 041 | _aeng | ||
| 082 |
_a792 _bSAL |
||
| 100 | _aSaleem, A.R.M. | ||
| 245 |
_aAkkaraipatru Varalaru (History of Akkaraipattu) _b |
||
| 260 |
_bHiraa Pub: _aAkkaraipattu 02 (Sri Lanka) _c1990 |
||
| 300 | _ap.304 | ||
| 942 | _cBK | ||
| 999 |
_c1483 _d1483 |
||